000 00349nam a22001217a 4500
008 230627b xxu||||| |||| 00| 0 eng d
082 _a337.728
_bROD 2005
245 _aCentral America: Global Integration and Regional Cooperation
260 _aWashington Dc
_bInternational Monetary Fund
_c2005
300 _aX,135p
440 _n243
942 _2ddc
_cBK
999 _c2789
_d2789